000 00866nam a22002297a 4500
999 _c5778
_d5778
003 AR-CdUCM
008 190313b ||||| |||| 00| 0 spa d
040 _aMUNICIPALIDAD PROVINCIAL DEL CUSCO
_cBIBLIOTECA MUNICIPAL DEL CUSCO
082 _a160 /
_bM64
100 _aMiró Quesada, Francisco
_95199
245 _aLógica /
260 _aLima :
_bUniverso,
_c1961.
300 _a269 páginas ;
_bfiguras, esquemas,
_c19 cm.
440 _aManual de Filosofía.
_n1
_917166
505 _aContenido: Primeras nociones -- La lógica y el lenguaje -- Los elementos de la inferencia -- Los elementos de la inferencia: las proposiciones -- La inferencia coligativa ...
650 _aManuales
_95970
650 _aFilosofía
_9395
650 _aEducación secundaria
_94648
700 _aSalazar Bondy, Augusto (colaborador)
_917167
942 _2ddc
_cLIBROS
945 _aachl